Statistics for Spanish Vocabulary Words That Start With S

Click here to take the quiz!

General Stats

  • This quiz has been taken 2,772 times
  • The average score is 34 of 54

Answer Stats

English español % Correct
Septemberseptiembre
92%
weeksemana
92%
to knowsaber
92%
soupsopa
91%
withoutsin
91%
alwayssiempre
91%
to leavesalir
90%
alonesolo
88%
Misterseñor
88%
supermarketsupermercado
85%
southsur
85%
bloodsangre
84%
secretsecreto
82%
to serveservir
81%
to feelsentir
80%
chairsilla
78%
serviceservicio
78%
healthsalud
76%
dreamsueño
75%
saucesalsa
73%
saintsanto
72%
dryseco
72%
exitsalida
72%
societysociedad
70%
to followseguir
67%
flavorsabor
66%
to separateseparar
66%
nephewsobrino
64%
salarysalario
61%
soldiersoldado
60%
to jumpsaltar
59%
watermelonsandía
57%
safetyseguridad
57%
to smilesonreír
56%
surprisesorpresa
55%
signalseñal
49%
sandalssandalias
48%
to survivesobrevivir
47%
centurysiglo
47%
to climbsubir
47%
mother in lawsuegra
46%
groundsuelo
45%
soundsonido
44%
singlesoltero
43%
shadesombra
43%
sheetssábanas
42%
seedsemilla
40%
jungleselva
40%
to suggestsugerir
38%
wildsalvaje
36%
business partnersocio
35%
sacredsagrado
34%
to sweat sudar
31%
to kidnapsecuestrar
24%

Score Distribution

Percentile by Number Answered

Percent of People with Each Score

Your Score History

You have not taken this quiz